[Event "9th Beirut Open 2017"]
[Site "Beirut"]
[Date "2017.10.01"]
[Round "2"]
[White "Altorky, Amer"]
[Black "Adly, Ahmed"]
[Result "0-1"]
[WhiteElo "1940"]
[BlackElo "2625"]
[Annotator "TA"]
[PlyCount "76"]
[EventDate "2017.??.??"]
[EventCountry "LBN"]
[SourceTitle "playchess.com"]
[Source "ChessBase"]
[SourceQuality "1"]

{[%evp 15,76,22,41,-12,0,-3,26,22,17,23,25,23,111,0,104,-6,0,0,0,0,0,-63,-60,-56,-62,-81,-46,-45,-20,-29,-19,-33,-14,-26,-28,-85,-79,-80,-78,-94,-69,-62,-62,-78,-68,-104,-51,-83,-88,-112,-107,-116,-121,-183,-170,-225,-195,-485,-470,-1048,-937,-4827,-4802]} 1. e4 d5 2. exd5 c6 3. d4 cxd5 4. Bd3 Nc6 5. c3 Nf6 6. Bf4 Bg4 7. Qb3 Qd7 8. Nd2 Nh5 9. Bg3 {B13: Caro-Kann (Abtausch-Variante 4.c4)} (9. Be3 $14) (9. Be3 e5 10. dxe5 Nxe5 11. Bb5 Nc6 12. Ngf3 Be6 13. Nd4 Rc8 14. Nxe6 fxe6 15. Bxa7 Bd6 16. Be3 O-O {1-0 (37) Nguyen,V (2328)-Boguszlavszkij,J (2130) Budapest 2017}) 9... Nxg3 10. hxg3 e5 11. dxe5 {Weiß hat minimalen Vorteil.} Nxe5 12. Bb5 Nc6 13. Ngf3 {Droht Se5! und aus.} Bc5 $146 {[#]} (13... Be7 $11) ({Vorgänger:} 13... Qe6+ 14. Kf1 O-O-O 15. Re1 Qf6 16. Rh4 h5 17. Bxc6 bxc6 {½-½ (43) Jovanovic,A-Freese,J Germany 1994}) 14. O-O (14. Ne5 $1 $16 {[%cal Re5d7][%mdl 512]} Qe6 (14... Nxe5 15. Bxd7+) 15. O-O) 14... Qd6 (14... Be6 $11) 15. Ne5 ({Bitte nicht} 15. Bxc6+ $6 bxc6 16. Rfe1+ Be6 $11) (15. Rad1 $16 {Und Se4! würde nun gewinnen.} Bxf3 16. Rfe1+ (16. Nxf3 O-O-O $16) 16... Kf8 17. Nxf3) 15... Bxf2+ ({Aber nicht} 15... Qxe5 $2 16. Rae1 $18) 16. Rxf2 Qxe5 17. Qa4 Qe6 $1 18. Nf3 ({Günstiger ist} 18. Nb3 $11 O-O 19. Bxc6 bxc6 20. Nd4) 18... Bxf3 $15 19. gxf3 O-O 20. Rd1 Ne5 21. Qd4 Rfd8 22. Kg2 Nc6 23. Qf4 a6 24. Bd3 Qe5 $36 {[%mdl 2048] Schwarz kämpft um Vorteil.} 25. Bxh7+ (25. Qxe5 $11 {hält das Gleichgewicht.} Nxe5 26. Re2 Nxd3 27. Rxd3) 25... Kxh7 $17 26. Qxf7 {Weiss will mit Th1+ Matt setzen.} Rd6 27. Rh1+ Rh6 28. Rxh6+ Kxh6 29. Qxb7 Qe8 30. Kf1 {Weiss plant Te2.} Kg6 (30... Ra7 $17 31. Qb6 Kh7 32. Rh2+ Kg8) 31. Qc7 Qe6 {Weiss muss nun ...Th8 beachten.} 32. Re2 Qf6 33. f4 {[#]} Rd8 $1 34. g4 (34. Qb6 $17 {war nötig.}) 34... Rd6 $19 35. f5+ (35. Rf2 {ist wohl besser.}) 35... Kg5 {zielt auf ...d4 ab.} 36. Qc8 $2 (36. Qb6 d4 37. Qc5) 36... Ne5 {Schwarz steht klar auf Gewinn.} 37. Qh8 (37. Qe8 $142 Nxg4 38. Qg6+ Qxg6 39. fxg6) 37... Nxg4 38. Kg1 d4 {Precision: Weiß = 25%, Schwarz = 46%.} 0-1

[Event "9th Beirut Open 2017"]
[Site "Beirut"]
[Date "2017.10.01"]
[Round "2"]
[White "Muhssen, Fared Saleh"]
[Black "Pruijssers, Roeland"]
[Result "0-1"]
[WhiteElo "1905"]
[BlackElo "2512"]
[Annotator "TA"]
[PlyCount "76"]
[EventDate "2017.??.??"]
[EventCountry "LBN"]
[SourceTitle "playchess.com"]
[Source "ChessBase"]
[SourceQuality "1"]

{[%evp 17,76,21,19,0,0,0,0,0,-1,-6,-7,-16,-14,-20,-35,-31,-33,-114,-105,-110,0,-82,-74,-117,-85,-166,-152,-238,-148,-268,-261,-252,-239,-295,-131,-120,-56,-53,-62,-239,-211,-208,-149,-135,-140,-274,-278,-270,-260,-347,-327,-337,-335,-606,-569,-993,-955,-1080,-1064,-1227,-1173]} 1. c4 f5 2. Nf3 Nf6 3. Nc3 d6 4. d4 g6 5. g3 Bg7 6. Bg2 O-O 7. O-O c6 8. Qc2 Na6 9. a3 Qe8 {LiveBook: 21 Games} 10. Bf4 {A88: Dutch Defence: Leningrad System: 5 Nf3 0-0 6 0-0 d6 7 Nc3 c6} (10. b4 e5 11. dxe5 dxe5 12. e4 Nxe4 13. Nxe4 fxe4 14. Ng5 Nc7 15. Bxe4 Ne6 16. Nxe6 Bxe6 17. Be3 Qf7 18. Rac1 Bf5 19. Rfe1 {½-½ (19) Safarli,E (2664)-Kuzubov,Y (2632) Nakhchivan 2016}) 10... Nh5 11. Rad1 $146 ({Predecessor:} 11. Qd2 Nxf4 12. Qxf4 Nc7 13. e4 e5 14. dxe5 dxe5 15. Qe3 {0-1 (39) Andreasen,P (2244)-Nielsen,A (1976) Esbjerg 2007}) 11... e5 12. dxe5 {The position is equal.} dxe5 13. Bc1 Nf6 14. b4 e4 15. Ng5 h6 16. Nh3 Be6 17. c5 (17. Na4 $15) 17... Qf7 $1 $17 18. Rd6 Ng4 (18... Ne8 $17 19. Rxe6 Qxe6) 19. f3 (19. Nf4 $11 Bb3 20. Qb1) 19... exf3 $1 20. exf3 {[#]} Ne5 $1 21. Re1 (21. f4 $17 {is a better defense.} Bb3 22. Qb1) 21... Bb3 $19 22. Qf2 (22. Qb1 $17 {might work better.} Rfe8 23. Re2) 22... Rfe8 23. Nf4 (23. f4 $17 Ng4 24. Qd2) 23... g5 24. Nfe2 Nc4 25. Rd4 Bxd4 (25... Nc7 $19 {has better winning chances. And now ...Ne6 would win.} 26. g4 Ne6 27. Rxc4 Bxc4 28. gxf5 {[#]} Nd4 $1 {[%mdl 512]}) 26. Nxd4 $17 Ne5 (26... Rxe1+ $17 27. Qxe1 Re8) 27. Bf1 $15 Rad8 {White must now prevent ...Bc4.} 28. Kg2 $2 ({White should play} 28. f4 $15 Ng4 29. Rxe8+ Rxe8 30. Qf3) 28... Bc4 29. Bxc4 Nxc4 30. Rxe8+ Rxe8 ({Stronger than} 30... Qxe8 31. Nxf5 Qe6 32. Nxh6+ Qxh6 33. Qe2 $11) 31. h4 (31. Qc2 $17) 31... Qf6 $19 32. hxg5 hxg5 33. Nde2 Nc7 34. Qd4 Ne5 35. Bb2 $2 (35. Bxg5 Qxg5 36. f4) 35... Rd8 {Black is clearly winning.} 36. Qe3 Nc4 37. Qc1 Rd2 38. Ba1 Qe6 {Precision: White = 22%, Black = 68%.} 0-1

[Event "9th Beirut Open 2017"]
[Site "Beirut"]
[Date "2017.10.01"]
[Round "2"]
[White "Ghassan, Houmsi"]
[Black "Ibrahim, Hatim"]
[Result "0-1"]
[WhiteElo "1841"]
[BlackElo "2331"]
[Annotator "NA"]
[PlyCount "73"]
[EventDate "2017.??.??"]
[EventCountry "LBN"]
[SourceTitle "playchess.com"]
[Source "ChessBase"]
[SourceQuality "1"]
[TimeControl "5400+30"]

1. e4 c5 2. Nf3 Nc6 3. d4 cxd4 4. Nxd4 g6 5. Nc3 Bg7 6. Be3 Nf6 7. Be2 O-O 8. O-O d5 9. exd5 Nxd5 10. Nxd5 Qxd5 11. Bf3 Qa5 12. c3 Nxd4 13. Bxd4 Rd8 14. Qe2 Bxd4 15. cxd4 Be6 16. Rfd1 Rd7 17. d5 Bxd5 18. Bxd5 Rxd5 19. Rxd5 Qxd5 20. Qxe7 Rc8 21. a3 Qa2 22. Rd1 Qxb2 23. h3 Rc1 24. Rxc1 Qxc1+ 25. Kh2 Qb2 26. f3 Kg7 27. Kg3 a5 28. a4 b5 29. axb5 Qxb5 30. Qd6 Qb2 31. Qf4 Qa1 32. h4 h6 33. Kh3 a4 34. g4 a3 35. Qe3 a2 36. f4 Qf1+ 37. Kg3 0-1

[Event "9th Beirut Open 2017"]
[Site "Beirut"]
[Date "2017.10.01"]
[Round "2"]
[White "Djikerian, Rafi"]
[Black "Khairallah, Faisal"]
[Result "0-1"]
[WhiteElo "1835"]
[BlackElo "2274"]
[Annotator "NA"]
[PlyCount "84"]
[EventDate "2017.??.??"]
[EventCountry "LBN"]
[SourceTitle "playchess.com"]
[Source "ChessBase"]
[SourceQuality "1"]
[TimeControl "5400+30"]

1. d4 Nf6 2. g3 e6 3. Bg2 c5 4. c3 d5 5. Nf3 Nc6 6. O-O Bd6 7. dxc5 Bxc5 8. b4 Be7 9. a4 O-O 10. b5 Na5 11. Nd4 e5 12. Nb3 Nxb3 13. Qxb3 Be6 14. Ba3 Rc8 15. Nd2 Re8 16. Rfd1 Qa5 17. Rac1 a6 18. Bb4 Qb6 19. bxa6 Qxa6 20. Qa3 Bxb4 21. Qxb4 Qxe2 22. Bf1 Qh5 23. Re1 Rb8 24. Bg2 Bh3 25. Bf3 Qh6 26. Nf1 e4 27. Bg2 Bxg2 28. Kxg2 Qh5 29. Rcd1 Qf3+ 30. Kg1 Ng4 31. Rd2 Re6 32. Qd4 Nf6 33. Ne3 Rbe8 34. Ng2 g5 35. Re3 Qh5 36. h4 h6 37. Qb4 b6 38. Qb5 Qg6 39. c4 dxc4 40. Qxc4 Ng4 41. Re1 Ne5 42. Re3 Nxc4 0-1

[Event "9th Beirut Open 2017"]
[Site "Beirut"]
[Date "2017.10.01"]
[Round "2"]
[White "Khairallah, Ralph"]
[Black "Mohannad, Farhan"]
[Result "0-1"]
[WhiteElo "1814"]
[BlackElo "2243"]
[Annotator "NA"]
[PlyCount "98"]
[EventDate "2017.??.??"]
[EventCountry "LBN"]
[SourceTitle "playchess.com"]
[Source "ChessBase"]
[SourceQuality "1"]
[TimeControl "5400+30"]

1. e4 d5 2. exd5 Qxd5 3. Nf3 Nf6 4. d4 Bg4 5. Be2 c6 6. c4 Qa5+ 7. Bd2 Qb6 8. Bc3 Ne4 9. Nbd2 Nxc3 10. bxc3 Nd7 11. O-O e6 12. Rb1 Qc7 13. Qb3 Rb8 14. Bd3 Be7 15. h3 Bh5 16. Rfe1 O-O 17. Ne5 Nxe5 18. Rxe5 Bg6 19. Bxg6 hxg6 20. Re2 Rfd8 21. Rbe1 b6 22. Nf3 Rd6 23. Qc2 Bf6 24. Nd2 Rd7 25. Ne4 Be7 26. Rd1 Rbd8 27. Red2 Qb7 28. Qb3 Qa8 29. Rd3 b5 30. f3 a6 31. R3d2 Kh8 32. a4 f5 33. Nf2 bxa4 34. Qxa4 c5 35. d5 Bg5 36. Ra2 Rd6 37. Kh1 exd5 38. cxd5 Rxd5 39. Rxd5 Qxd5 40. Qxa6 Rb8 41. Ra1 Kh7 42. Qe2 Qb3 43. c4 Bf6 44. Rd1 Bd4 45. Rf1 Qa4 46. h4 Rb2 47. Qe1 Qc2 48. Qe8 Qxc4 49. Re1 Bxf2 0-1

[Event "9th Beirut Open 2017"]
[Site "Beirut"]
[Date "2017.10.01"]
[Round "2"]
[White "Hanna, Elie"]
[Black "Tsatsalashvili, Keti"]
[Result "0-1"]
[WhiteElo "1778"]
[BlackElo "2264"]
[Annotator "NA"]
[PlyCount "96"]
[EventDate "2017.??.??"]
[EventCountry "LBN"]
[SourceTitle "playchess.com"]
[Source "ChessBase"]
[SourceQuality "1"]
[TimeControl "5400+30"]

1. e4 c6 2. d4 d5 3. Nc3 dxe4 4. Nxe4 Bf5 5. Ng3 Bg6 6. Nf3 Nd7 7. Bd3 e6 8. c3 Ngf6 9. h4 Bd6 10. Ne2 Qc7 11. Ng5 Bxd3 12. Qxd3 h6 13. Nf3 O-O-O 14. Bd2 Rhe8 15. O-O-O Qa5 16. Kb1 Qf5 17. Nc1 Ng4 18. Be3 Ndf6 19. Rhe1 Nd5 20. Re2 Bf4 21. Rde1 g6 22. Bd2 Bxd2 23. Rxd2 Nf4 24. Qxf5 exf5 25. Rxe8 Rxe8 26. g3 Nd5 27. Nd3 Ndf6 28. Nfe5 Ne4 29. Rc2 Re7 30. Kc1 Nxe5 31. Nxe5 g5 32. Re2 Nd6 33. Kd1 Kd8 34. a4 f6 35. Nd3 Ne4 36. Nc5 Nxc5 37. Rxe7 Kxe7 38. dxc5 Ke6 39. c4 Ke5 40. Kd2 Kd4 41. b3 h5 42. a5 a6 43. f4 gxf4 44. gxf4 Ke4 45. Kc3 Kxf4 46. b4 Ke3 47. b5 f4 48. Kc2 f3 0-1

[Event "9th Beirut Open 2017"]
[Site "Beirut"]
[Date "2017.10.01"]
[Round "2"]
[White "Ghnatios, Ralph"]
[Black "Koniahli, Malek"]
[Result "0-1"]
[WhiteElo "1764"]
[BlackElo "2086"]
[Annotator "NA"]
[PlyCount "52"]
[EventDate "2017.??.??"]
[EventCountry "LBN"]
[SourceTitle "playchess.com"]
[Source "ChessBase"]
[SourceQuality "1"]
[TimeControl "5400+30"]

1. e4 g6 2. d4 Bg7 3. c3 d6 4. Nf3 Nf6 5. Qc2 O-O 6. Bc4 c6 7. Nbd2 Nbd7 8. O-O e5 9. dxe5 dxe5 10. a4 Nh5 11. Ba2 Qc7 12. a5 Nc5 13. b4 Ne6 14. Nc4 Nef4 15. Be3 Bg4 16. Ng5 h6 17. h3 Be2 18. Nf3 Bxf3 19. gxf3 Qd7 20. Bxf4 Nxf4 21. Ne3 Qxh3 22. Rfd1 Qxf3 23. Rd7 Nh3+ 24. Kh2 Ng5 25. Ng2 Qh3+ 26. Kg1 Qxd7 0-1

[Event "9th Beirut Open 2017"]
[Site "Beirut"]
[Date "2017.10.01"]
[Round "2"]
[White "Ward, Serge"]
[Black "Shamieh, Jamal"]
[Result "0-1"]
[WhiteElo "1730"]
[BlackElo "2046"]
[Annotator "NA"]
[PlyCount "51"]
[EventDate "2017.??.??"]
[EventCountry "LBN"]
[SourceTitle "playchess.com"]
[Source "ChessBase"]
[SourceQuality "1"]
[TimeControl "5400+30"]

1. e4 c6 2. Nc3 d5 3. Qf3 d4 4. Bc4 Nf6 5. e5 dxc3 6. exf6 exf6 7. dxc3 Nd7 8. Bf4 Nc5 9. Rd1 Qb6 10. b4 Ne6 11. Bg3 Be7 12. Ne2 O-O 13. O-O a5 14. Rb1 Rd8 15. b5 Ng5 16. Qh5 g6 17. Qh6 Qc5 18. Bd3 Bg4 19. Nf4 Qxc3 20. h3 Bd7 21. Rfe1 Qc5 22. bxc6 Bxc6 23. Rxe7 Qxe7 24. h4 Ne4 25. Re1 f5 26. Bc4 0-1

[Event "9th Beirut Open 2017"]
[Site "Beirut"]
[Date "2017.10.01"]
[Round "2"]
[White "Bedrosian, Danielle"]
[Black "Badieh, Mahmoud"]
[Result "1-0"]
[WhiteElo "1696"]
[BlackElo "1262"]
[Annotator "NA"]
[PlyCount "49"]
[EventDate "2017.??.??"]
[EventCountry "LBN"]
[SourceTitle "playchess.com"]
[Source "ChessBase"]
[SourceQuality "1"]
[TimeControl "5400+30"]

1. c4 e5 2. Nc3 Bb4 3. g3 Nf6 4. Bg2 c6 5. e4 d6 6. Nge2 Be6 7. d3 d5 8. Qa4 Bxc3+ 9. bxc3 dxe4 10. dxe4 O-O 11. O-O Qd3 12. Re1 Qxc4 13. Qc2 Rd8 14. Ba3 Na6 15. Nc1 Rd7 16. Bf1 Qxe4 17. Rxe4 Bf5 18. Bd3 Bxe4 19. Bxe4 Rad8 20. Nb3 g6 21. Bf3 Rd3 22. Be2 R3d7 23. Rd1 Rxd1+ 24. Bxd1 Nc7 25. Be7 1-0

[Event "9th Beirut Open 2017"]
[Site "Beirut"]
[Date "2017.10.01"]
[Round "2"]
[White "Saeed, Riad"]
[Black "Moudallal, Tarek"]
[Result "1-0"]
[WhiteElo "1685"]
[BlackElo "2062"]
[Annotator "NA"]
[PlyCount "140"]
[EventDate "2017.??.??"]
[EventCountry "LBN"]
[SourceTitle "playchess.com"]
[Source "ChessBase"]
[SourceQuality "1"]
[TimeControl "5400+30"]

1. e4 d5 2. exd5 Nf6 3. d4 Nxd5 4. Bd3 g6 5. Nf3 Bg7 6. c3 O-O 7. O-O h6 8. Ne5 Bxe5 9. dxe5 Kg7 10. Qd2 Rh8 11. c4 Nb6 12. Qc3 e6 13. b3 Nc6 14. Be3 Qe7 15. a3 Nd7 16. f4 Kh7 17. Nd2 b6 18. Ne4 Bb7 19. Rf3 Rad8 20. Rh3 Kg7 21. b4 Qf8 22. g4 Rh7 23. Rf1 Qh8 24. Nf6 Nxf6 25. exf6+ Kg8 26. Be4 Nd4 27. Bxd4 Bxe4 28. Re3 Bb7 29. Be5 g5 30. Bxc7 Rc8 31. Qe5 h5 32. Qxg5+ Kf8 33. Rd1 Rh6 34. Qg7+ Qxg7 35. fxg7+ Kxg7 36. g5 Rh7 37. Be5+ Kg6 38. Rd4 h4 39. h3 a6 40. a4 b5 41. axb5 axb5 42. c5 Bd5 43. Bf6 Ra8 44. Rc3 Ra1+ 45. Kf2 Ra2+ 46. Ke1 Ra6 47. Rxd5 exd5 48. c6 Ra8 49. c7 Rc8 50. Be5 Kf5 51. Rc5 Ke6 52. Rxb5 Rh5 53. Rb6+ Kd7 54. Rd6+ Ke7 55. Rxd5 f6 56. Rd8 fxe5 57. Rxc8 Kd7 58. Re8 Kxc7 59. Rxe5 Kd6 60. Ke2 Rh8 61. Kf3 Rc8 62. Kg4 Rf8 63. b5 Rf7 64. g6 Rf8 65. Kg5 Rg8 66. Re3 Rb8 67. g7 Rxb5+ 68. Kg6 Rb8 69. Kh7 Rb7 70. Kh8 Rb3 1-0

[Event "9th Beirut Open 2017"]
[Site "Beirut"]
[Date "2017.10.01"]
[Round "2"]
[White "Khoder, Akram"]
[Black "Tseitlin, Mark D"]
[Result "1-0"]
[WhiteElo "1547"]
[BlackElo "2276"]
[Annotator "NA"]
[PlyCount "71"]
[EventDate "2017.??.??"]
[EventCountry "LBN"]
[SourceTitle "playchess.com"]
[Source "ChessBase"]
[SourceQuality "1"]
[TimeControl "5400+30"]

1. d4 f5 2. Nc3 Nf6 3. Bf4 g6 4. e3 Bg7 5. Bd3 d6 6. Nf3 O-O 7. Ng5 e6 8. O-O h6 9. Nf3 Nc6 10. e4 g5 11. Bc1 g4 12. Nh4 Nxe4 13. Ng6 Nxc3 14. bxc3 Re8 15. f3 Qf6 16. Nf4 e5 17. Nd5 Qf7 18. Nb4 Nxb4 19. cxb4 h5 20. c3 exd4 21. c4 c5 22. bxc5 dxc5 23. Qc2 Rf8 24. Bf4 b6 25. fxg4 hxg4 26. Rae1 Bd7 27. Bd6 Rfe8 28. Be4 Rac8 29. Bd5 Be6 30. Rxf5 Qd7 31. Rh5 Qxd6 32. Rf1 d3 33. Qxd3 Bd4+ 34. Kh1 Rc7 35. Qg6+ Rg7 36. Qxe8+ 1-0

[Event "9th Beirut Open 2017"]
[Site "Beirut"]
[Date "2017.10.01"]
[Round "2"]
[White "Edelby, Ahmad"]
[Black "Lakhoyan, Hrag"]
[Result "1/2-1/2"]
[WhiteElo "1531"]
[BlackElo "1582"]
[Annotator "NA"]
[PlyCount "70"]
[EventDate "2017.??.??"]
[EventCountry "LBN"]
[SourceTitle "playchess.com"]
[Source "ChessBase"]
[SourceQuality "1"]
[TimeControl "5400+30"]

1. b3 Nf6 2. e3 d5 3. d4 Bf5 4. Bb2 e6 5. Nf3 Nbd7 6. Nbd2 Rc8 7. c4 c6 8. c5 a5 9. a3 b6 10. b4 Rb8 11. Bc3 Ne4 12. Nxe4 Bxe4 13. Be2 Be7 14. O-O O-O 15. Re1 Re8 16. Kh1 Bf6 17. Rc1 bxc5 18. bxc5 Qc7 19. Qa4 Ra8 20. Red1 Reb8 21. Nd2 Bg6 22. Nf3 e5 23. Rd2 e4 24. Ng1 Bd8 25. f4 exf3 26. Nxf3 Be4 27. Rf1 Nf6 28. Ne5 Rc8 29. Rb2 Rab8 30. Rxb8 Rxb8 31. Nxc6 Qd7 32. Bb5 Qg4 33. Rg1 Rxb5 34. Qxb5 Bxg2+ 35. Rxg2 Qd1+ 1/2-1/2

[Event "9th Beirut Open 2017"]
[Site "Beirut"]
[Date "2017.10.01"]
[Round "2"]
[White "Khallouf, Abdallah"]
[Black "Eid, Wissam"]
[Result "1-0"]
[WhiteElo "1530"]
[BlackElo "1531"]
[Annotator "NA"]
[PlyCount "79"]
[EventDate "2017.??.??"]
[EventCountry "LBN"]
[SourceTitle "playchess.com"]
[Source "ChessBase"]
[SourceQuality "1"]
[TimeControl "5400+30"]

1. c4 Nf6 2. g3 g6 3. Bg2 Bg7 4. Nc3 c6 5. e4 d6 6. Nge2 e5 7. O-O Be6 8. d3 Qc8 9. Rb1 Bh3 10. d4 Bxg2 11. Kxg2 O-O 12. d5 c5 13. f3 h5 14. Bg5 Nh7 15. Be7 Qd7 16. Bxf8 Bxf8 17. Qa4 Qe7 18. b4 Nd7 19. Qc2 h4 20. bxc5 Nxc5 21. Na4 Bh6 22. Nxc5 dxc5 23. g4 h3+ 24. Kh1 b6 25. Qa4 Rc8 26. Rbd1 Rd8 27. Qc6 Rd6 28. Qc8+ Kg7 29. Rd3 Ng5 30. Rfd1 Qf6 31. Ng1 Nxe4 32. fxe4 Qf4 33. Re1 Qf2 34. Re2 Qf6 35. Rf3 Bf4 36. Nxh3 Rd8 37. Qc6 Rd6 38. Qa4 g5 39. Nxf4 gxf4 40. Qd1 1-0

[Event "9th Beirut Open 2017"]
[Site "Beirut"]
[Date "2017.10.01"]
[Round "2"]
[White "El Saleh, Riham"]
[Black "Ammoun, Hani"]
[Result "0-1"]
[WhiteElo "1466"]
[BlackElo "2109"]
[Annotator "NA"]
[PlyCount "96"]
[EventDate "2017.??.??"]
[EventCountry "LBN"]
[SourceTitle "playchess.com"]
[Source "ChessBase"]
[SourceQuality "1"]
[TimeControl "5400+30"]

1. d4 e6 2. c4 b6 3. Nc3 Bb4 4. Nf3 Bb7 5. Bf4 d5 6. e3 Nd7 7. cxd5 exd5 8. Bd3 Ngf6 9. h3 O-O 10. O-O Bxc3 11. bxc3 c5 12. Rc1 c4 13. Bc2 b5 14. a4 a6 15. Qe2 Re8 16. Rfe1 Ne4 17. Bxe4 dxe4 18. Nd2 Nb6 19. axb5 axb5 20. Nb1 Nd5 21. Bh2 Qe7 22. Qb2 Bc6 23. Nd2 Qa3 24. Qxa3 Rxa3 25. Nb1 Rb3 26. Bd6 f5 27. Re2 Rxb1 28. Rxb1 Nxc3 29. Reb2 Nxb1 30. Rxb1 Ra8 31. Kf1 Ra2 32. Ke1 Kf7 33. Bb4 Ke6 34. Bc3 Kd5 35. Bb4 Be8 36. Bc3 Rc2 37. Ba5 c3 38. Rb3 Kc4 39. Rb4+ Kd3 40. Rb1 Re2+ 41. Kf1 Rb2 42. Rd1+ Kc4 43. Bxc3 Kxc3 44. d5 Rd2 45. Ke1 Rxd1+ 46. Kxd1 Kb2 47. Kd2 b4 48. d6 Ka2 0-1

[Event "9th Beirut Open 2017"]
[Site "Beirut"]
[Date "2017.10.01"]
[Round "2"]
[White "Arcadan, Adib"]
[Black "Wafa, Shahenda"]
[Result "1-0"]
[WhiteElo "1346"]
[BlackElo "2150"]
[Annotator "NA"]
[PlyCount "75"]
[EventDate "2017.??.??"]
[EventCountry "LBN"]
[SourceTitle "playchess.com"]
[Source "ChessBase"]
[SourceQuality "1"]
[TimeControl "5400+30"]

1. d4 Nf6 2. c4 g6 3. Nc3 Bg7 4. e4 d6 5. f3 O-O 6. Be3 e5 7. d5 c6 8. Nge2 cxd5 9. cxd5 a6 10. Ng3 b5 11. a3 Ne8 12. Be2 f5 13. Bf2 f4 14. Nf1 Nf6 15. Nd2 Qe8 16. b4 Nbd7 17. a4 bxa4 18. Rxa4 Bb7 19. Nc4 Qe7 20. O-O Ne8 21. Na5 Ndf6 22. Qd3 Bc8 23. Rfa1 Bd7 24. R4a3 Nc7 25. Qd2 Rfb8 26. Qb2 Qe8 27. Nc4 g5 28. Nb6 g4 29. Nxa8 Rxa8 30. Bxa6 Nxa6 31. Rxa6 Rxa6 32. Rxa6 gxf3 33. gxf3 Bh3 34. Bh4 Qh5 35. Ra8+ Kf7 36. Bxf6 Kxf6 37. Ra7 Bf8 38. Ra6 1-0

[Event "9th Beirut Open 2017"]
[Site "Beirut"]
[Date "2017.09.30"]
[Round "2"]
[White "Abchee, Alexandre"]
[Black "Abdulaziz, Mahmoud"]
[Result "0-1"]
[WhiteElo "1292"]
[BlackElo "2093"]
[Annotator "NA"]
[PlyCount "88"]
[EventDate "2017.??.??"]
[EventCountry "LBN"]
[SourceTitle "playchess.com"]
[Source "ChessBase"]
[SourceQuality "1"]
[TimeControl "5400+30"]

1. e4 g6 2. d4 Bg7 3. Nf3 d6 4. Nc3 a6 5. Be3 b5 6. a3 Nd7 7. Qd2 Bb7 8. Bd3 c5 9. b3 Rc8 10. Rb1 h6 11. Na2 Ngf6 12. Qe2 Qa5+ 13. Bd2 Qc7 14. O-O O-O 15. Rfe1 cxd4 16. Nxd4 Nc5 17. f3 Nfxe4 18. Bxh6 Bxd4+ 19. Kf1 Nc3 20. Nxc3 Bxc3 21. Qxe7 Rfe8 22. Qxc7 Rxe1+ 23. Rxe1 Rxc7 24. Re8+ Kh7 25. Bf4 Nxd3 26. cxd3 Rd7 27. Rb8 Kg7 28. Bxd6 Kf6 29. g4 Ke6 30. Bg3 Kd5 31. Re8 Bb2 32. a4 bxa4 33. bxa4 Bc3 34. Re4 a5 35. Rc4 Bd4 36. Rc1 Bc6 37. Be1 Ra7 38. Rc4 Ra6 39. Ke2 Bd7 40. Kf1 Be5 41. h3 Rc6 42. Re4 Rc1 43. Kf2 Rc2+ 44. Kf1 Bd4 0-1

[Event "9th Beirut Open 2017"]
[Site "Beirut"]
[Date "2017.10.01"]
[Round "2"]
[White "El Jawich, Muhammad"]
[Black "Kaloust, Giorgio"]
[Result "0-1"]
[WhiteElo "1245"]
[BlackElo "1764"]
[Annotator "NA"]
[PlyCount "110"]
[EventDate "2017.??.??"]
[EventCountry "LBN"]
[SourceTitle "playchess.com"]
[Source "ChessBase"]
[SourceQuality "1"]
[TimeControl "5400+30"]

1. e4 c5 2. Nf3 g6 3. c3 Bg7 4. d4 cxd4 5. cxd4 d6 6. h3 Nc6 7. Nc3 a6 8. Bc4 e6 9. O-O Nge7 10. a3 b5 11. Ba2 O-O 12. b4 Bb7 13. Be3 Rc8 14. Rc1 Re8 15. Ne2 Nb8 16. Ng3 Nd7 17. Qd3 Nf6 18. Rxc8 Qxc8 19. Rc1 Qa8 20. Bb1 Rc8 21. Rxc8+ Qxc8 22. Qc2 Kf8 23. Qxc8+ Nxc8 24. Kf1 Nb6 25. Nd2 Nfd7 26. Ke2 d5 27. e5 Nc4 28. Nxc4 dxc4 29. Be4 Bd5 30. Bxd5 exd5 31. f4 Ke8 32. f5 Bf8 33. f6 Nb6 34. Kd2 a5 35. bxa5 Na4 36. Kc2 Bxa3 37. Bc1 Bb4 38. a6 Kd7 39. a7 Nb6 40. Bd2 Bf8 41. Ba5 Na8 42. Ne2 g5 43. g4 Kc6 44. Ng3 b4 45. Nf5 b3+ 46. Kc3 Kb5 47. Bd8 Bb4+ 48. Kb2 Ka4 49. Be7 c3+ 50. Kc1 Ba3+ 51. Bxa3 Kxa3 52. Ne3 Ka2 53. Nxd5 b2+ 54. Kc2 b1=Q+ 55. Kxc3 Qb3+ 0-1